Hiện thực hóa sự nghiệp - Hiểu rõ thực tại, hướng tới tương lai

Chia sẻ những kinh nghiệm của tác giả nhằm khám phá những khía cạnh đa dạng, có thể dễ dàng nhận thấy quanh sự nghiệp của mỗi người. Đồng thời, giới thiệu mô hình 4Q - một công cụ thiết thực, đơn giản và dễ áp dụng, giúp bạn tiến xa t...

全面介绍

Đã lưu trong:
书目详细资料
主要作者: Kenneth, Leow
其他作者: Nguyễn, Ngọc Ưu
格式: 图书
语言:Undetermined
出版: Tp. Hồ Chí Minh Phụ nữ 2018
主题:
在线阅读:http://lrc.tdmu.edu.vn/opac/search/detail.asp?aID=2&ID=37155
标签: 添加标签
没有标签, 成为第一个标记此记录!
Thư viện lưu trữ: Trung tâm Học liệu Trường Đại học Thủ Dầu Một
LEADER 01226nam a2200217Ia 4500
001 TDMU_37155
008 210410s9999 xx 000 0 und d
082 |a 650.13 
090 |b K204 
100 |a Kenneth, Leow 
245 0 |a Hiện thực hóa sự nghiệp - Hiểu rõ thực tại, hướng tới tương lai 
245 0 |c Kenneth Leow; Nguyễn Ngọc Ưu dịch 
260 |a Tp. Hồ Chí Minh 
260 |b Phụ nữ 
260 |c 2018 
300 |a 223tr. 
520 |a Chia sẻ những kinh nghiệm của tác giả nhằm khám phá những khía cạnh đa dạng, có thể dễ dàng nhận thấy quanh sự nghiệp của mỗi người. Đồng thời, giới thiệu mô hình 4Q - một công cụ thiết thực, đơn giản và dễ áp dụng, giúp bạn tiến xa trên con đường hiện thực hoá sự nghiệp của mình 
650 |a Cuộc sống  |x Sự nghiệp  |x Bí quyết thành công 
700 |a Nguyễn, Ngọc Ưu 
856 |u http://lrc.tdmu.edu.vn/opac/search/detail.asp?aID=2&ID=37155 
980 |a Trung tâm Học liệu Trường Đại học Thủ Dầu Một